Identify of Sphinx brunnus cramer and the taxonomic position of Acharia huebner (Lepidoptera: Limacodidae) (Registro nro. 12846)
[ vista simple ]
| 000 -CABECERA | |
|---|---|
| Campo de control | 006840000a22002050004500 |
| 090 ## - CLASIFICACIÓN LOCAL | |
| Colección | AR |
| Consecutivo | 03811 |
| 041 0# - IDIOMA | |
| Código de idioma para texto/pista de sonido o título separado | |
| 100 1# - ASIENTO PRINCIPAL--NOMBRE PERSONAL | |
| Nombre personal | Becker, Vitor O. |
| 245 10 - MENCION DE TITULO | |
| Título | Identify of Sphinx brunnus cramer and the taxonomic position of Acharia huebner (Lepidoptera: Limacodidae) |
| 650 14 - ASIENTO SECUNDARIO DE MATERIA - TERMINO TEMATICO | |
| Término temático o nombre geográfico como elemento de entrada | Entomología |
| 650 14 - ASIENTO SECUNDARIO DE MATERIA - TERMINO TEMATICO | |
| Término temático o nombre geográfico como elemento de entrada | Lepidópteros |
| 650 14 - ASIENTO SECUNDARIO DE MATERIA - TERMINO TEMATICO | |
| Término temático o nombre geográfico como elemento de entrada | Taxonomía animal |
| 650 14 - ASIENTO SECUNDARIO DE MATERIA - TERMINO TEMATICO | |
| Término temático o nombre geográfico como elemento de entrada | Sistemática animal |
| 651 #4 - ASIENTO SECUNDARIO DE MATERIA - NOMBRE GEOGRAFICO | |
| -- | América del Sur |
| 653 ## - TERMINO DE INDIZACION - NO CONTROLADO | |
| -- | sphinx |
| -- | Sphinx brunnus |
| 653 ## - TERMINO DE INDIZACION - NO CONTROLADO | |
| -- | Acharia |
| -- | Acharia bruna |
| 700 1# - ASIENTO SECUNDARIO - NOMBRE PERSONAL | |
| Nombre personal | Miller, Scott E. |
| 773 1# - Item fuente: | |
| Título | Journal of Research on the Lepidoptera |
| Descripción física | 1-4 |
| Paginas del Articulo | 219-224 |
| Lugar, editorial y fecha de publicación | 1988 |
| Información sobre la relación | 26 |
| 942 ## - ELEMENTOS ADICIONALES (KOHA) | |
| Tipo de ítem | Artículo |
| Withdrawn status | Lost status | Damaged status | No para préstamo | Colección | Ubicación Permanente | Ubicación actual | Fecha de adquisición | Datos de publicación Seriada | Total Checkouts | Número topográfico | Inventario / Código de Barras | Date last seen | Price effective from | Forma de adquisición | Tipo de material |
|---|---|---|---|---|---|---|---|---|---|---|---|---|---|---|---|
| No para Préstamo | Hemeroteca | Bogotá | Bogotá | 27/02/2015 | Fuera de circulación | AR 03811 | 017352 | 25/03/2015 | 25/03/2015 | Artículo |